Η τελευταία διάλεξη
Αποθηκεύτηκε σε:
| Κύριος συγγραφέας: | |
|---|---|
| Άλλοι συγγραφείς: | |
| Μορφή: | Βιβλίο |
| Γλώσσα: | Greek English |
| Δημοσίευση: |
Αθήνα :
Πατάκη,
c2008.
|
| Θέματα: | |
| Ετικέτες: |
Προσθήκη ετικέτας
Δεν υπάρχουν, Καταχωρήστε ετικέτα πρώτοι!
|
MARC
| LEADER | 00000cam a2200000 a 4500 | ||
|---|---|---|---|
| 001 | 1/114326 | ||
| 008 | 170609s2008####gr | ||| |||| ||gre|| | ||
| 020 | |a 9789601632094 | ||
| 040 | |a GR-MyUa |b gre |c GR-MyUa |e AACR2 | ||
| 041 | 1 | |a gre |h eng | |
| 082 | 7 | |a 920 |2 (23) | |
| 100 | 1 | |a Pausch, Randy. | |
| 245 | 1 | 2 | |a Η τελευταία διάλεξη / |c Ράντυ Πάους σε συνεργασία με τον Τζέφφρυ Ζάζλοου ; μετάφραση Ηλιοφώτιστη Παπαστεφάνου. |
| 260 | |a Αθήνα : |b Πατάκη, |c c2008. | ||
| 300 | |a 283 σ. ; |c 18 εκ. | ||
| 500 | |a Τίτλος πρωτοτύπου: The last lecture. | ||
| 650 | 0 | |a Computer scientists |z United States |v Biography. | |
| 650 | 0 | |a Death |x Psychological aspects. | |
| 700 | 1 | |a Zaslow, Jeffrey. | |
| 852 | |a INST |b SYROS |e 20170629 |h 920 PAU |p 005500013088 |q 005500013088 |t BK |y 0 | ||
| 970 | |a Κοντού |b Παρασκευή |z 09/06/2017 | ||